Digital creativity : (Record no. 5537)
[ view plain ]
| 000 -LEADER | |
|---|---|
| fixed length control field | 01107nac a22002531u 4500 |
| 010 ## - LIBRARY OF CONGRESS CONTROL NUMBER | |
| LC control number | 2001017856 |
| 020 ## - INTERNATIONAL STANDARD BOOK NUMBER | |
| International Standard Book Number | 0471211249 (electronic bk.) |
| 020 ## - INTERNATIONAL STANDARD BOOK NUMBER | |
| International Standard Book Number | 0471390577 (pbk.) |
| 082 00 - DEWEY DECIMAL CLASSIFICATION NUMBER | |
| Classification number | 006.7 |
| Item number | WAN |
| 090 ## - LOCALLY ASSIGNED LC-TYPE CALL NUMBER (OCLC); LOCAL CALL NUMBER (OCLC) | |
| -- | 5537 |
| -- | 5537 |
| 100 ## - MAIN ENTRY--PERSONAL NAME | |
| Personal name | Wands, Bruce. |
| 245 10 - TITLE STATEMENT | |
| Title | Digital creativity : |
| Remainder of title | techniques for digital media and the internet / |
| Statement of responsibility, etc | Bruce Wands. |
| 260 ## - PUBLICATION, DISTRIBUTION, ETC. (IMPRINT) | |
| Place of publication, distribution, etc | New York : |
| Name of publisher, distributor, etc | Wiley,c2002. |
| Date of publication, distribution, etc | c2002. |
| 300 ## - PHYSICAL DESCRIPTION | |
| Extent | xvii, 326 p., [32] p. of plates : |
| Other physical details | ill. (some col.) ; |
| Dimensions | 23 cm. |
| 500 ## - GENERAL NOTE | |
| General note | Distributer : Al-Ahram. |
| 504 ## - BIBLIOGRAPHY, ETC. NOTE | |
| Bibliography, etc | Includes bibliographical references and index. |
| 511 ## - PARTICIPANT OR PERFORMER NOTE | |
| Participant or performer note | Catalogued By : Mahitab. |
| 650 #0 - SUBJECT ADDED ENTRY--TOPICAL TERM | |
| Topical term or geographic name as entry element | Multimedia systems. |
| 650 #0 - SUBJECT ADDED ENTRY--TOPICAL TERM | |
| Topical term or geographic name as entry element | Web sites |
| General subdivision | Design. |
| 856 41 - ELECTRONIC LOCATION AND ACCESS | |
| Uniform Resource Identifier | <a href="http://www.netLibrary.com/urlapi.asp?action=summary&v=1&bookid=63087">http://www.netLibrary.com/urlapi.asp?action=summary&v=1&bookid=63087</a> |
| 856 41 - ELECTRONIC LOCATION AND ACCESS | |
| Materials specified | Publisher description |
| Uniform Resource Identifier | <a href="http://www.loc.gov/catdir/description/wiley0310/2001017856.html">http://www.loc.gov/catdir/description/wiley0310/2001017856.html</a> |
| 856 41 - ELECTRONIC LOCATION AND ACCESS | |
| Materials specified | Table of Contents |
| Uniform Resource Identifier | <a href="http://www.loc.gov/catdir/toc/onix07/2001017856.html">http://www.loc.gov/catdir/toc/onix07/2001017856.html</a> |
| 942 ## - ADDED ENTRY ELEMENTS (KOHA) | |
| Item type | Book - Borrowing |
| Call number prefix | 006.7WAN |
| Withdrawn status | Item status | Source of classification or shelving scheme | Damaged status | Not for loan | Home library | Current library | Shelving location | Date acquired | Source of acquisition | Total Checkouts | Full call number | Barcode | Date last seen | Date last borrowed | Koha item type |
|---|---|---|---|---|---|---|---|---|---|---|---|---|---|---|---|
| Dewey Decimal Classification | Central Library | Central Library | Lower Floor | 30/10/2007 | Purchase | 4 | 006.7WAN | 000007015 | 15/07/2025 | 20/08/2015 | Book - Borrowing |